[Event "Oslo Chess Festival 2017 "]
[Site "Quality Hotel Expo, Fornebu"]
[Date "2017.09.29"]
[Round "8.37"]
[White "Roque Sola, Maria Fernanda"]
[Black "Svanholm, BÃ¸rge Waaktaar"]
[Result "1/2-1/2"]
[WhiteElo "1746"]
[BlackElo "1806"]
[PlyCount "60"]
[EventDate "2017.??.??"]

1. c4 Nf6 2. d4 g6 3. Nf3 Bg7 4. g3 O-O 5. Bg2 d6 6. Nc3 Nc6 7. O-O a6 8. e4
Bg4 9. h3 Bxf3 10. Bxf3 e5 11. d5 Nd4 12. Bg2 Nd7 13. Be3 f5 14. Bxd4 exd4 15.
Ne2 fxe4 16. Nxd4 Nc5 17. Ne6 Nxe6 18. dxe6 Qe7 19. Bxe4 c6 20. Qb3 Rf6 21. Bf3
Rxe6 22. Rad1 Rf8 23. Bg4 Re4 24. Bf3 Re6 25. Bg4 Re4 26. Bf3 Re5 27. Rd3 Kh8
28. Kg2 Re8 29. Rfd1 Re6 30. Bg4 Re4 1/2-1/2

[Event "Oslo Chess Festival 2017 "]
[Site "Quality Hotel Expo, Fornebu"]
[Date "2017.09.29"]
[Round "8.45"]
[White "HÃ¥nes, Sturle"]
[Black "Jarve, Edvin"]
[Result "0-1"]
[WhiteElo "1300"]
[BlackElo "1805"]
[PlyCount "120"]
[EventDate "2017.??.??"]

1. d4 Nf6 2. c4 e6 3. Nc3 Bb4 4. Bd2 c5 5. e3 O-O 6. Bd3 cxd4 7. exd4 Nc6 8.
Nf3 b6 9. a3 Bxc3 10. Bxc3 Bb7 11. Qc2 Ne7 12. O-O Ng6 13. Rae1 Nf4 14. Be4
Bxe4 15. Rxe4 Nxe4 16. Qxe4 Ng6 17. g3 d5 18. Qd3 dxc4 19. Qxc4 Rc8 20. Qe2 Qd5
21. Ne5 Nxe5 22. Qxe5 Qxe5 23. dxe5 Rfd8 24. Re1 Rd3 25. Kg2 h5 26. h4 Rc4 27.
Re2 Kh7 28. Rd2 Rxd2 29. Bxd2 Kg6 30. Bc3 Kf5 31. f3 f6 32. exf6 gxf6 33. Kf2
e5 34. Ke2 e4 35. Ke3 exf3 36. Kxf3 Ke6 37. Ke3 f5 38. Kf3 Kd5 39. Ke3 Rg4 40.
Kf3 Re4 41. Kg2 Kc4 42. Kf3 Kb3 43. Bf6 b5 44. Bc3 a6 45. Bf6 a5 46. Bc3 b4 47.
axb4 axb4 48. Bf6 Kc2 49. Kf2 b3 50. Kf3 Kc1 51. Bc3 Rc4 52. Bf6 Rc2 53. Kf4
Rxb2 54. Bxb2+ Kxb2 55. Kxf5 Kc3 56. Kg6 b2 57. Kxh5 b1=Q 58. g4 Qh7+ 59. Kg5
Kd4 60. h5 Ke5 0-1

[Event "Oslo Chess Festival 2017 "]
[Site "Quality Hotel Expo, Fornebu"]
[Date "2017.09.29"]
[Round "8.38"]
[White "Aure, Anders Nilsson"]
[Black "Gabrielsen, Rasmus Arvola"]
[Result "1-0"]
[WhiteElo "1803"]
[BlackElo "1612"]
[PlyCount "99"]
[EventDate "2017.??.??"]

1. c4 Nf6 2. Nc3 e6 3. d4 Bb4 4. Qb3 c5 5. dxc5 Bxc5 6. Nf3 O-O 7. Bg5 Nc6 8.
e3 h6 9. Bh4 Be7 10. Be2 Nh5 11. Bxe7 Qxe7 12. O-O b6 13. Nd4 Nf6 14. Bf3 Bb7
15. Nxc6 Bxc6 16. Bxc6 dxc6 17. Rfd1 Rfd8 18. Qc2 Rxd1+ 19. Rxd1 Rd8 20. h3
Rxd1+ 21. Qxd1 Qd7 22. Qxd7 Nxd7 23. Kf1 Kf8 24. Ke2 Ke7 25. b3 Nf6 26. Kd3 Kd6
27. b4 h5 28. f4 g6 29. Ne4+ Nxe4 30. Kxe4 f6 31. g4 hxg4 32. hxg4 e5 33. f5 g5
34. a4 a6 35. Kd3 a5 36. c5+ Kc7 37. cxb6+ Kxb6 38. Kc4 axb4 39. Kxb4 c5+ 40.
Kc4 Ka5 41. Kxc5 Kxa4 42. Kd6 Kb4 43. Ke6 Kc4 44. Kxf6 e4 45. Kxg5 Kd3 46. f6
Kxe3 47. f7 Kd3 48. f8=Q e3 49. Qe8 e2 50. Kf5 1-0

[Event "Oslo Chess Festival 2017 "]
[Site "Quality Hotel Expo, Fornebu"]
[Date "2017.09.29"]
[Round "8.39"]
[White "Tostrup, Trond"]
[Black "Wright, Haakon"]
[Result "1/2-1/2"]
[WhiteElo "1717"]
[BlackElo "1795"]
[PlyCount "90"]
[EventDate "2017.??.??"]

1. d4 Nf6 2. g3 c5 3. d5 g6 4. Bg2 d6 5. Nf3 Bg7 6. O-O Nbd7 7. Nc3 O-O 8. Rb1
a6 9. e4 b5 10. Ne1 Nb6 11. Ne2 a5 12. f4 Nfd7 13. b3 a4 14. Bb2 Bxb2 15. Rxb2
axb3 16. axb3 b4 17. Nd3 Ba6 18. Qd2 f5 19. e5 Bxd3 20. cxd3 dxe5 21. fxe5 Nxe5
22. Nf4 Qd6 23. d4 cxd4 24. Qxd4 Rf6 25. Re2 Ned7 26. Rfe1 e5 27. Rxe5 Nxe5 28.
Rxe5 Nd7 29. Re6 Rxe6 30. Nxe6 Qb6 31. Kf1 Qxd4 32. Nxd4 Nc5 33. Bf3 Ra1+ 34.
Ke2 Rb1 35. d6 Ra1 36. Ke3 Kf7 37. Bd5+ Ke8 38. Nc2 Ra6 39. Nxb4 Rxd6 40. Bc4
Nxb3 41. Bxb3 Rb6 42. Ba4+ Kf8 43. Nd3 Re6+ 44. Kf3 g5 45. Bd7 Rh6 1/2-1/2

[Event "Oslo Chess Festival 2017 "]
[Site "Quality Hotel Expo, Fornebu"]
[Date "2017.09.29"]
[Round "8.40"]
[White "Sidali, Elias Hulleberg"]
[Black "TunsjÃ¸, Axel"]
[Result "1/2-1/2"]
[WhiteElo "1763"]
[BlackElo "1519"]
[PlyCount "162"]
[EventDate "2017.??.??"]

1. e4 c5 2. Nf3 e6 3. b3 Nc6 4. Bb2 d6 5. d4 cxd4 6. Nxd4 Nf6 7. Nxc6 bxc6 8.
e5 dxe5 9. Qxd8+ Kxd8 10. Bxe5 Bc5 11. f3 Ke7 12. Nd2 Rd8 13. Bd3 Nd5 14. Ne4
Bb4+ 15. Ke2 f6 16. Bg3 e5 17. c4 Nc3+ 18. Nxc3 Bxc3 19. Rad1 h6 20. Be1 Bd4
21. g4 Bb7 22. Be4 Rd7 23. Bf5 Rdd8 24. Ba5 Bb6 25. Bb4+ c5 26. Bc3 Rxd1 27.
Rxd1 Rd8 28. Rxd8 Bxd8 29. Ke3 Bb6 30. Be4 Bxe4 31. Kxe4 Ke6 32. Bd2 a6 33. Be3
a5 34. h4 g5 35. h5 Ba7 36. a3 Bb6 37. b4 axb4 38. axb4 Kd6 39. bxc5+ Bxc5 40.
Bxc5+ Kxc5 41. Kf5 Kxc4 42. Kg6 f5 43. Kxf5 Kd4 44. Kg6 Ke3 45. Kxh6 Kxf3 46.
Kxg5 e4 47. h6 e3 48. h7 e2 49. h8=Q e1=Q 50. Qf6+ Kg3 51. Qf4+ Kg2 52. Kf6
Qc3+ 53. Qe5 Qf3+ 54. Qf5 Qc6+ 55. Kg5 Qc1+ 56. Kh5 Kg3 57. Qe5+ Kh3 58. g5
Qd1+ 59. Kh6 Qd2 60. Kh7 Qd7+ 61. Qg7 Qf5+ 62. g6 Kg4 63. Qf7 Qe4 64. Kh8 Qa8+
65. Kh7 Qh1+ 66. Kg8 Qa8+ 67. Kg7 Qa1+ 68. Qf6 Qa7+ 69. Kg8 Qa8+ 70. Qf8 Qd5+
71. Kh7 Qh5+ 72. Qh6 Qf5 73. Kh8 Qc8+ 74. Kh7 Qf5 75. Qg7 Qh5+ 76. Kg8 Kg5 77.
Kf7 Qf3+ 78. Ke7 Qe4+ 79. Kf7 Qf5+ 80. Ke7 Qxg6 81. Qxg6+ Kxg6 1/2-1/2

[Event "Oslo Chess Festival 2017 "]
[Site "Quality Hotel Expo, Fornebu"]
[Date "2017.09.29"]
[Round "8.41"]
[White "Dahl, Max"]
[Black "Mikelsen, Mattis"]
[Result "1/2-1/2"]
[WhiteElo "1670"]
[BlackElo "1754"]
[PlyCount "31"]
[EventDate "2017.??.??"]

1. Nf3 Nf6 2. c4 g6 3. g3 Bg7 4. Bg2 O-O 5. d4 d6 6. Nc3 c5 7. O-O Nbd7 8. dxc5
Nxc5 9. Re1 a6 10. e4 Qc7 11. Nd5 Nxd5 12. cxd5 Bd7 13. Rb1 f5 14. Nd2 Bb5 15.
Bf1 Bd7 16. Bg2 1/2-1/2

[Event "Oslo Chess Festival 2017 "]
[Site "Quality Hotel Expo, Fornebu"]
[Date "2017.09.29"]
[Round "8.46"]
[White "Kreken, Eivind Grunt"]
[Black "Mikalsen, Bengt Arne"]
[Result "0-1"]
[WhiteElo "1486"]
[BlackElo "1727"]
[PlyCount "126"]
[EventDate "2017.??.??"]

1. e4 c6 2. Nf3 d5 3. Nc3 dxe4 4. Nxe4 Nd7 5. Qe2 e6 6. d3 h6 7. Bd2 Ngf6 8. g3
Be7 9. Bg2 O-O 10. O-O-O b5 11. Nd4 Bb7 12. Nxf6+ Bxf6 13. Bxc6 Bxc6 14. Nxc6
Qc7 15. Na5 Rfc8 16. Bb4 Nb6 17. h4 Na4 18. c3 Nxc3 19. bxc3 Bxc3 20. Bxc3
Qxc3+ 21. Kb1 Qxa5 22. Rc1 Qb4+ 23. Qb2 Qd6 24. d4 a6 25. Rxc8+ Rxc8 26. Rc1
Rd8 27. Rd1 Qd5 28. f4 Qf3 29. Qb3 Qe4+ 30. Qc2 Qxc2+ 31. Kxc2 Kf8 32. Kb3 Rc8
33. d5 exd5 34. Rxd5 Rc6 35. a3 Rg6 36. Rd3 Ke7 37. a4 Rd6 38. Re3+ Kf6 39.
axb5 Rb6 40. Ka4 axb5+ 41. Kb4 Kf5 42. Re7 Kf6 43. Re5 g6 44. Re3 Kf5 45. Re7
f6 46. Re3 Kg4 47. Ka5 Rb8 48. Kb4 g5 49. hxg5 hxg5 50. fxg5 fxg5 51. Rd3 Rf8
52. Kxb5 Rf3 53. Rd8 Kxg3 54. Rg8 g4 55. Kc4 Rf4+ 56. Kd3 Kf2 57. Re8 g3 58.
Re2+ Kg1 59. Re8 g2 60. Ke2 Rh4 61. Rg8 Rh7 62. Kf3 Kh1 63. Kf2 Rf7+ 0-1

[Event "Oslo Chess Festival 2017 "]
[Site "Quality Hotel Expo, Fornebu"]
[Date "2017.09.29"]
[Round "8.47"]
[White "Schouten, Mathias Lind"]
[Black "Eidukas, Paulius"]
[Result "1-0"]
[WhiteElo "1718"]
[BlackElo "1546"]
[PlyCount "71"]
[EventDate "2017.??.??"]

1. e4 c5 2. Nf3 e6 3. d4 cxd4 4. Nxd4 Nf6 5. Nc3 Bb4 6. Bd3 Nc6 7. Nb3 d5 8.
exd5 exd5 9. O-O O-O 10. Nb5 Re8 11. c3 Bf8 12. Bg5 h6 13. Bxf6 gxf6 14. Qf3
Ne5 15. Qg3+ Kh8 16. N5d4 Nxd3 17. Qxd3 Re5 18. Nf3 Rh5 19. Nbd4 Bd6 20. Rfe1
Qg8 21. Nb5 Bh3 22. g3 Bc5 23. Nc7 Rd8 24. Qb5 Bb6 25. Re8 Rxe8 26. Nxe8 Rf5
27. Nd4 Qg4 28. Qd3 Bxd4 29. cxd4 Rf3 30. Qd2 Kh7 31. Re1 Qd7 32. Qe2 Rf5 33.
Qc2 Kh8 34. Qc7 Rxf2 35. Qxd7 Rg2+ 36. Kh1 1-0

[Event "Oslo Chess Festival 2017 "]
[Site "Quality Hotel Expo, Fornebu"]
[Date "2017.09.29"]
[Round "8.48"]
[White "Bernstein, Jonas August"]
[Black "Kalkman De Koster, Franzke"]
[Result "1-0"]
[WhiteElo "1645"]
[BlackElo "1538"]
[PlyCount "73"]
[EventDate "2017.??.??"]

1. d4 d5 2. c4 Nf6 3. Nc3 e6 4. cxd5 exd5 5. Bg5 Be6 6. e3 Be7 7. Bd3 Nbd7 8.
Nge2 h6 9. Bh4 c6 10. O-O O-O 11. Rb1 Nh7 12. Bg3 Re8 13. Nf4 Bf8 14. b4 Qc8
15. a4 Bf5 16. Bxf5 Qd8 17. Qb3 g6 18. Bd3 Ndf6 19. Qc2 Re7 20. b5 cxb5 21.
Rxb5 Rc7 22. Nfxd5 Rc6 23. Nxf6+ Nxf6 24. Qb3 b6 25. Rb1 Qc8 26. Ne2 Nd7 27.
Be4 a6 28. Bxc6 axb5 29. Bxa8 Qxa8 30. Qxb5 Qe4 31. h3 g5 32. Nc3 Qe6 33. Nd5
Bd6 34. Bxd6 Qxd6 35. Qxd7 Qf8 36. Rxb6 Kg7 37. Qd6 1-0

[Event "Oslo Chess Festival 2017 "]
[Site "Quality Hotel Expo, Fornebu"]
[Date "2017.09.29"]
[Round "8.49"]
[White "Haynes, Noah"]
[Black "WÃ¦rstad, Leif E"]
[Result "1/2-1/2"]
[WhiteElo "1114"]
[BlackElo "1614"]
[PlyCount "57"]
[EventDate "2017.??.??"]

1. d4 d5 2. c4 e6 3. Nc3 Nf6 4. Nf3 Be7 5. Bf4 O-O 6. e3 Nbd7 7. Qc2 c5 8. dxc5
Nxc5 9. cxd5 exd5 10. Be2 b6 11. O-O Bb7 12. Rad1 Rc8 13. Nd2 Ne6 14. Be5 d4
15. Nb3 Be4 16. Qc1 d3 17. Rfe1 Nc5 18. Nxc5 Rxc5 19. Bxf6 Bxf6 20. Rd2 Qd7 21.
Red1 Qc6 22. Bf1 Rc8 23. f3 Bxc3 24. bxc3 Rxc3 25. Qb1 Bg6 26. Bxd3 Bxd3 27.
Rxd3 Rxd3 28. Qxd3 h6 29. h3 1/2-1/2

[Event "Oslo Chess Festival 2017 "]
[Site "Quality Hotel Expo, Fornebu"]
[Date "2017.09.29"]
[Round "8.52"]
[White "Nordquelle, Amelia"]
[Black "Martinsen, Vegard"]
[Result "1-0"]
[WhiteElo "1546"]
[BlackElo "1443"]
[PlyCount "90"]
[EventDate "2017.??.??"]

1. d4 d5 2. c4 dxc4 3. Nf3 Nf6 4. e3 Bg4 5. Bxc4 e6 6. O-O Bd6 7. Nc3 c6 8. h3
Bh5 9. a3 O-O 10. e4 Bc7 11. g4 Bg6 12. Bg5 h6 13. Bh4 e5 14. dxe5 Qxd1 15.
Raxd1 Nxe4 16. Nxe4 Bxe4 17. Nd2 Bc2 18. Rc1 Bh7 19. f4 g5 20. fxg5 hxg5 21.
Bg3 Kg7 22. Nf3 Nd7 23. Nxg5 Nxe5 24. Bxf7 Bb6+ 25. Kh2 Nxf7 26. Ne6+ Kg8 27.
Nxf8 Rxf8 28. Rcd1 Ng5 29. Rxf8+ Kxf8 30. Rd7 Be4 31. Bd6+ Kg8 32. Rxb7 Bf2 33.
b4 Nf3+ 34. Kg2 Bb6 35. Kg3 Nd2 36. Kf4 Bg2 37. Kg3 Bd5 38. Bb8 Ne4+ 39. Kf4 c5
40. Rd7 Nf6 41. Rd6 Kf7 42. g5 c4 43. Rxf6+ Kg7 44. Be5 Kg8 45. h4 Bd8 1-0

[Event "Oslo Chess Festival 2017 "]
[Site "Quality Hotel Expo, Fornebu"]
[Date "2017.09.29"]
[Round "8.53"]
[White "Roksvold, Thore"]
[Black "Hestvik, Elias"]
[Result "0-1"]
[WhiteElo "1479"]
[BlackElo "1354"]
[PlyCount "132"]
[EventDate "2017.??.??"]

1. d4 Nf6 2. Nc3 d5 3. Bg5 Bf5 4. f3 Nbd7 5. Nxd5 Nxd5 6. e4 Bxe4 7. fxe4 h6 8.
Bh4 N5b6 9. Nf3 g5 10. Bf2 Bg7 11. c3 e6 12. Bd3 Qe7 13. e5 c5 14. h3 Rd8 15.
Qc2 Nd5 16. O-O cxd4 17. Bxd4 b6 18. Rae1 O-O 19. Qc1 Nf4 20. Bb1 Nc5 21. Qe3
Nd5 22. Qf2 Nf4 23. Qg3 Ncd3 24. Bxd3 Nxd3 25. Re2 Nf4 26. Re4 Qb7 27. Rxf4
gxf4 28. Qxf4 Qe7 29. Nh4 Qg5 30. g3 Qxf4 31. gxf4 Kh7 32. Re1 Rg8 33. Kf2 Bf8
34. f5 Bc5 35. Bxc5 bxc5 36. fxe6 fxe6 37. Re2 Rd3 38. Nf3 Rf8 39. Re3 Rd2+ 40.
Re2 Rxe2+ 41. Kxe2 Rb8 42. b3 a5 43. c4 a4 44. Nd2 axb3 45. Nxb3 Rc8 46. a4 Kg6
47. a5 Kf5 48. a6 Kxe5 49. Ke3 Kd6 50. Ke4 Ra8 51. Na5 Rxa6 52. Nb7+ Kc6 53.
Nd8+ Kd7 54. Nf7 Ra3 55. Nxh6 Rxh3 56. Ng4 Rh4 57. Kf3 Kd6 58. Kg3 Rxg4+ 59.
Kxg4 Ke5 60. Kg5 Kd4 61. Kf6 e5 62. Kf5 e4 63. Kf4 Kd3 64. Kg3 e3 65. Kg2 e2
66. Kf2 Kd2 0-1

[Event "Oslo Chess Festival 2017 "]
[Site "Quality Hotel Expo, Fornebu"]
[Date "2017.09.29"]
[Round "8.54"]
[White "Beitnes, Andreas RÃ¸berg"]
[Black "Selvik, Elma"]
[Result "1/2-1/2"]
[WhiteElo "1430"]
[BlackElo "1186"]
[PlyCount "56"]
[EventDate "2017.??.??"]

1. e4 e5 2. Nf3 Nc6 3. Bb5 a6 4. Ba4 Nf6 5. Qe2 b5 6. Bb3 Bb7 7. c3 Bc5 8. d3
h6 9. Nbd2 O-O 10. O-O Re8 11. Rd1 d5 12. exd5 Nxd5 13. Bxd5 Qxd5 14. Ne4 Bb6
15. Bxh6 Re6 16. Bc1 Rae8 17. Nfg5 Rg6 18. Kh1 f5 19. Qh5 Ne7 20. Qh7+ Kf8 21.
Qh8+ Ng8 22. Qh5 fxe4 23. Nh7+ Kf7 24. Ng5+ Kf8 25. Nh7+ Kf7 26. Ng5+ Kf8 27.
Nh7+ Kf7 28. Ng5+ Kf8 1/2-1/2

[Event "Oslo Chess Festival 2017 "]
[Site "Quality Hotel Expo, Fornebu"]
[Date "2017.09.29"]
[Round "8.56"]
[White "Smedsrud, Morten S"]
[Black "Naudeer, Terje Skonseng"]
[Result "1-0"]
[WhiteElo "1371"]
[BlackElo "1207"]
[PlyCount "61"]
[EventDate "2017.??.??"]

1. e4 c5 2. Nf3 d6 3. d4 cxd4 4. Nxd4 Nf6 5. Nc3 g6 6. Be3 Bg7 7. f3 O-O 8. Bc4
Nc6 9. Qd2 Bd7 10. O-O-O Rc8 11. Bb3 Ne5 12. g4 Rxc3 13. Qxc3 b5 14. h4 h5 15.
Bg5 Qb6 16. gxh5 gxh5 17. Rhg1 Kh7 18. Rg2 a5 19. a3 b4 20. axb4 axb4 21. Qe3
Ng6 22. Nf5 Qxe3+ 23. Nxe3 Ne5 24. Rg3 Ra8 25. Kb1 Rg8 26. Nd5 Nc6 27. Bf4 Nxd5
28. Rxd5 Ne5 29. Ra5 Ng6 30. Rxh5+ Bh6 31. Rxh6+ 1-0

[Event "Oslo Chess Festival 2017 "]
[Site "Quality Hotel Expo, Fornebu"]
[Date "2017.09.29"]
[Round "8.55"]
[White "Engevik, Sissel Merete"]
[Black "Madsen, Ã~ystein"]
[Result "0-1"]
[WhiteElo "1092"]
[BlackElo "1169"]
[PlyCount "82"]
[EventDate "2017.??.??"]

1. e4 g6 2. Nf3 Bg7 3. Bc4 e6 4. Nc3 a6 5. O-O b5 6. Be2 Ne7 7. d4 O-O 8. d5 d6
9. Bg5 e5 10. Qd2 f6 11. Be3 f5 12. Bg5 f4 13. Bxe7 Qxe7 14. g3 Bg4 15. Nh4 Bh3
16. Rfd1 Nd7 17. Bf1 Bxf1 18. Kxf1 fxg3 19. hxg3 Rf7 20. f3 Raf8 21. Kg2 Bf6
22. Rh1 Bxh4 23. gxh4 Rxf3 24. Raf1 Qf7 25. Nd1 Rxf1 26. Rxf1 Qxf1+ 27. Kg3
Qg1+ 28. Qg2 Qxg2+ 29. Kxg2 Rf4 30. Nf2 Rxh4 31. Kg3 Rf4 32. b3 h5 33. c4 bxc4
34. bxc4 h4+ 35. Kg2 g5 36. Nh3 Rxe4 37. Nxg5 Rxc4 38. Nh3 Rc2+ 39. Nf2 Rxa2
40. Kf3 Kg7 41. Kg2 Kg6 0-1

[Event "Oslo Chess Festival 2017 "]
[Site "Quality Hotel Expo, Fornebu"]
[Date "2017.09.29"]
[Round "7.33"]
[White "Greibrokk, Ingrid"]
[Black "Maksimovic, Branimir"]
[Result "0-1"]
[WhiteElo "1820"]
[BlackElo "2343"]
[PlyCount "98"]
[EventDate "2017.??.??"]

1. e4 d6 2. d4 Nf6 3. f3 g6 4. Be3 Bg7 5. Nc3 O-O 6. Qd2 e5 7. Nge2 c6 8. O-O-O
Qa5 9. Kb1 Be6 10. g4 Na6 11. h4 b5 12. Nd5 Qd8 13. Nxf6+ Qxf6 14. Bg2 Bc4 15.
Ng3 Qe7 16. h5 Nc7 17. Bh6 f6 18. hxg6 hxg6 19. dxe5 dxe5 20. Qd7 Qxd7 21. Rxd7
Rf7 22. Rxf7 Bxf7 23. Be3 Ne6 24. Rd1 Bf8 25. Rd7 a6 26. c3 c5 27. Ne2 Be8 28.
Rd1 c4 29. f4 Bc6 30. f5 gxf5 31. gxf5 Nc5 32. Bxc5 Bxc5 33. b4 cxb3 34. axb3
a5 35. Nc1 b4 36. Nd3 Bd7 37. cxb4 axb4 38. Kb2 Kf7 39. Rc1 Bb5 40. Bf1 Bd6 41.
Kb1 Ra3 42. Nxe5+ Bxe5 43. Bxb5 Rxb3+ 44. Kc2 Rc3+ 45. Kb1 Re3 46. Bc4+ Ke7 47.
Bd5 b3 48. Rd1 Re2 49. Bc6 Rb2+ 0-1

[Event "Oslo Chess Festival 2017 "]
[Site "Quality Hotel Expo, Fornebu"]
[Date "2017.09.29"]
[Round "7.26"]
[White "Svanholm, BÃ¸rge Waaktaar"]
[Black "Dolzhykova, Kateryna"]
[Result "0-1"]
[WhiteElo "1806"]
[BlackElo "2270"]
[PlyCount "53"]
[EventDate "2017.??.??"]

1. c4 e5 2. Nc3 Bb4 3. g3 Bxc3 4. bxc3 Nf6 5. Bg2 O-O 6. Nf3 e4 7. Nd4 c5 8.
Nc2 d5 9. cxd5 Qxd5 10. O-O Qh5 11. d3 Rd8 12. Re1 Bh3 13. Rb1 Nbd7 14. f4 Ng4
15. Ne3 Nxe3 16. Bxe3 Nf6 17. Qd2 Ng4 18. Bxe4 Nxh2 19. Rxb7 Bc8 20. Rb5 Ng4
21. Bg2 Qh2+ 22. Kf1 Qxg3 23. Bg1 Ba6 24. Rxc5 Rxd3 25. exd3 Bxd3+ 26. Re2 Re8
27. Be3 0-1

[Event "Oslo Chess Festival 2017 "]
[Site "Quality Hotel Expo, Fornebu"]
[Date "2017.09.29"]
[Round "7.27"]
[White "Mikelsen, Mattis"]
[Black "Lund, Gunnar"]
[Result "0-1"]
[WhiteElo "1754"]
[BlackElo "2244"]
[PlyCount "58"]
[EventDate "2017.??.??"]

1. e4 e5 2. Nf3 Nc6 3. Bc4 Nf6 4. d3 Be7 5. O-O d6 6. a4 Na5 7. Ba2 c5 8. Nbd2
O-O 9. Re1 Nc6 10. c3 h6 11. Nf1 Re8 12. Ng3 Bf8 13. h3 Be6 14. Bxe6 Rxe6 15.
Be3 d5 16. Qc2 g6 17. Rad1 d4 18. Bc1 Bg7 19. Nd2 a6 20. Nb3 Nd7 21. f4 exf4
22. Bxf4 Rc8 23. c4 Nb4 24. Qe2 Ne5 25. Bxe5 Bxe5 26. Qg4 Qc7 27. Nf5 h5 28.
Qe2 gxf5 29. Qxh5 f4 0-1

[Event "Oslo Chess Festival 2017 "]
[Site "Quality Hotel Expo, Fornebu"]
[Date "2017.09.29"]
[Round "7.28"]
[White "Ronneland, Daniel"]
[Black "Holand, Per Fredrik"]
[Result "1/2-1/2"]
[WhiteElo "2218"]
[BlackElo "1866"]
[PlyCount "94"]
[EventDate "2017.??.??"]

1. e4 e5 2. Nf3 Nc6 3. Bb5 a6 4. Ba4 Nf6 5. O-O Be7 6. Re1 b5 7. Bb3 d6 8. c3
O-O 9. h3 Bb7 10. d4 Re8 11. Nbd2 Bf8 12. a4 h6 13. d5 Na5 14. Bc2 c6 15. b4
Nc4 16. Nxc4 bxc4 17. dxc6 Bxc6 18. Bb2 Qc7 19. Qe2 Bd7 20. a5 g6 21. Rad1 Rad8
22. Bc1 Bb5 23. Be3 Qc6 24. Bb6 Rd7 25. Kh2 Bg7 26. Nd2 d5 27. exd5 Nxd5 28.
Be4 f5 29. Bxd5+ Rxd5 30. Nf3 Ba4 31. Rxd5 Qxd5 32. Qe3 e4 33. Nd4 f4 34. Qe2
f3 35. Qa2 Bb3 36. Qd2 fxg2 37. Nxb3 Qe5+ 38. Kxg2 cxb3 39. Rb1 Rf8 40. Be3 Rf3
41. Qd1 Qh5 42. Qxb3+ Kh7 43. Qe6 Rxe3 44. fxe3 Qf3+ 45. Kh2 Qf2+ 46. Kh1 Qf3+
47. Kh2 Qf2+ 1/2-1/2

[Event "Oslo Chess Festival 2017 "]
[Site "Quality Hotel Expo, Fornebu"]
[Date "2017.09.29"]
[Round "7.34"]
[White "Aarnes, Carl Christian"]
[Black "SjÃ¸berg, Isak"]
[Result "0-1"]
[WhiteElo "1809"]
[BlackElo "2078"]
[PlyCount "76"]
[EventDate "2017.??.??"]

1. d4 Nf6 2. Nf3 c5 3. e3 e6 4. Be2 cxd4 5. exd4 b6 6. O-O Bb7 7. c4 Be7 8. h3
O-O 9. Nc3 d6 10. Bf4 a6 11. Rc1 Nbd7 12. b4 Rc8 13. Qb3 d5 14. c5 Ne4 15. a4
f5 16. Rfd1 g5 17. Be5 Qe8 18. Bh2 g4 19. Ne5 g3 20. fxg3 Nxe5 21. Nxe4 fxe4
22. dxe5 bxc5 23. bxc5 Bc6 24. Bxa6 Bxa4 25. Qe3 Bxd1 26. Bxc8 Qxc8 27. c6 Ba4
28. Qa7 Bg5 29. Ra1 Qxc6 30. h4 Ra8 31. Qf2 Qc3 32. Qf1 Be3+ 33. Kh1 Rf8 34.
Qb1 Bc2 35. Qa2 Qc4 36. Bg1 Qxa2 37. Rxa2 Bf2 38. Bxf2 Rxf2 0-1

[Event "Oslo Chess Festival 2017 "]
[Site "Quality Hotel Expo, Fornebu"]
[Date "2017.09.29"]
[Round "7.35"]
[White "GonzÃ les, Francisco Silva"]
[Black "Bernstein, Jonas August"]
[Result "1-0"]
[WhiteElo "2046"]
[BlackElo "1645"]
[PlyCount "83"]
[EventDate "2017.??.??"]

1. d4 Nf6 2. c4 e6 3. Nc3 Bb4 4. Qc2 O-O 5. a3 Bxc3+ 6. Qxc3 Ne4 7. Qc2 f5 8.
Nh3 d6 9. f3 Nf6 10. e3 e5 11. dxe5 dxe5 12. Bd2 Nc6 13. O-O-O Qe7 14. Be2 Be6
15. Ng5 Bd7 16. h4 a6 17. c5 h6 18. Bc4+ Kh8 19. Bb3 b6 20. cxb6 cxb6 21. Bc3
Rac8 22. Kb1 b5 23. Qd2 Ra8 24. Qd6 Qxd6 25. Rxd6 a5 26. Nf7+ Kh7 27. Nxe5 Nxe5
28. Bxe5 Ra7 29. Rhd1 Be8 30. Rd8 Nd7 31. Bd6 Rh8 32. g4 fxg4 33. Bc2+ g6 34.
fxg4 Bf7 35. Rxh8+ Kxh8 36. g5 Kh7 37. Rf1 Bc4 38. Rf4 Ra6 39. Rd4 Ra7 40. a4
Rb7 41. Be4 Ra7 42. Bc6 1-0

[Event "Oslo Chess Festival 2017 "]
[Site "Quality Hotel Expo, Fornebu"]
[Date "2017.09.29"]
[Round "7.29"]
[White "Grindbakken, Erik"]
[Black "LindbÃ¸l, Aleksander"]
[Result "0-1"]
[WhiteElo "1675"]
[BlackElo "2006"]
[PlyCount "80"]
[EventDate "2017.??.??"]

1. Nf3 d5 2. d4 Bf5 3. Bf4 e6 4. e3 Bd6 5. Bg3 Nf6 6. Nc3 O-O 7. Nh4 Be4 8. f3
Bg6 9. Nxg6 hxg6 10. Nb5 Bxg3+ 11. hxg3 Nh5 12. g4 Ng3 13. Rh3 Nxf1 14. Kxf1
Nd7 15. Ke2 a6 16. Qh1 f6 17. Nc3 c5 18. Rd1 Qb6 19. b3 Qa5 20. Qe1 Rac8 21.
Na4 Qxe1+ 22. Kxe1 cxd4 23. Rxd4 Rxc2 24. Rd2 Rfc8 25. Kd1 Rc1+ 26. Ke2 Ra1 27.
f4 b5 28. Nb2 Rxa2 29. Rh1 Rc3 30. b4 Nb6 31. Nd3 Rcc2 32. Rhd1 Nc4 33. Rxc2
Rxc2+ 34. Kf3 Nd2+ 35. Kg3 Ne4+ 36. Kf3 e5 37. Ra1 Nd2+ 38. Kg3 Nc4 39. Re1 Rc3
40. Nc5 Nxe3 0-1

[Event "Oslo Chess Festival 2017 "]
[Site "Quality Hotel Expo, Fornebu"]
[Date "2017.09.29"]
[Round "7.36"]
[White "Ilyes, Peter"]
[Black "Ali, Karim"]
[Result "0-1"]
[WhiteElo "1996"]
[BlackElo "1755"]
[PlyCount "56"]
[EventDate "2017.??.??"]

1. Nf3 e6 2. d3 d6 3. e4 Nf6 4. g3 e5 5. Bg2 c5 6. O-O Be7 7. Nbd2 Nc6 8. c3
O-O 9. Nh4 g6 10. f4 exf4 11. gxf4 Ng4 12. Nhf3 Ne3 13. Qe2 Nxf1 14. Nxf1 Bf6
15. Ne3 Bg7 16. Bd2 Re8 17. Be1 c4 18. Nd2 cxd3 19. Qxd3 Be6 20. Bg3 Qb6 21. b3
Nb4 22. Qe2 Bxc3 23. Rf1 Nc2 24. Bf2 Nxe3 25. Bxe3 Bd4 26. Bxd4 Qxd4+ 27. Kh1
Rac8 28. f5 Bd5 0-1

[Event "Oslo Chess Festival 2017 "]
[Site "Quality Hotel Expo, Fornebu"]
[Date "2017.09.29"]
[Round "7.37"]
[White "Jarve, Edvin"]
[Black "Smeby, Ole"]
[Result "0-1"]
[WhiteElo "1805"]
[BlackElo "1985"]
[PlyCount "94"]
[EventDate "2017.??.??"]

1. d4 Nf6 2. Bf4 d6 3. Nd2 Nbd7 4. Ngf3 c5 5. e3 g6 6. Be2 Bg7 7. h3 Nd5 8. Bh2
cxd4 9. exd4 O-O 10. O-O Qb6 11. Nc4 Qc7 12. c3 N7f6 13. Bd3 Bd7 14. Qd2 Bc6
15. Rfe1 Rfe8 16. Qc1 b5 17. Ncd2 Bh6 18. Qd1 Nf4 19. Bc2 Qb7 20. Bxf4 Bxf4 21.
g3 Bh6 22. Qe2 Qc8 23. Kh2 Bd7 24. h4 Qb7 25. Ne4 Ng4+ 26. Kg1 Bg7 27. Bb3 h6
28. a4 bxa4 29. Bxa4 Bxa4 30. Rxa4 Nf6 31. Nxf6+ Bxf6 32. Rb4 Qd7 33. Qa6 Reb8
34. Rxb8+ Rxb8 35. b4 Rb6 36. Qd3 Qc7 37. Rc1 Rxb4 38. Qd2 Rc4 39. Kh2 Kg7 40.
Qd3 a5 41. g4 d5+ 42. Kh1 Qf4 43. Rg1 g5 44. hxg5 hxg5 45. Nd2 Rc8 46. f3 Rh8+
47. Kg2 Rh2+ 0-1

[Event "Oslo Chess Festival 2017 "]
[Site "Quality Hotel Expo, Fornebu"]
[Date "2017.09.29"]
[Round "7.30"]
[White "Johansen, Kai-Roger"]
[Black "Khoo-Thwe, Louis"]
[Result "0-1"]
[WhiteElo "1950"]
[BlackElo "1653"]
[PlyCount "122"]
[EventDate "2017.??.??"]

1. d4 Nf6 2. Bf4 e6 3. e3 b6 4. Nf3 Bb7 5. Bd3 d5 6. Nbd2 Bd6 7. Bg3 O-O 8. O-O
c5 9. c3 Bxg3 10. hxg3 Nbd7 11. Re1 Ne4 12. Nf1 f5 13. Qa4 Ndf6 14. Ne5 c4 15.
Bc2 a6 16. f3 b5 17. Qb4 Nd6 18. a4 a5 19. Qa3 Qb6 20. Qc5 Qa6 21. axb5 Nxb5
22. Ba4 Nd6 23. Ra2 Rfc8 24. Qa3 Nb5 25. Qe7 Rc7 26. Bxb5 Rxe7 27. Bxa6 Rxa6
28. Rea1 Rb6 29. Nd2 Rc7 30. Rb1 Rb5 31. Kf2 Bc6 32. Ke1 Be8 33. Kd1 Rcb7 34.
Kc2 a4 35. Re1 R5b6 36. Kc1 a3 37. bxa3 Ba4 38. g4 fxg4 39. Nxg4 Nd7 40. e4 h5
41. Ne3 Rb5 42. exd5 exd5 43. Nc2 Bb3 44. Rb2 Nb6 45. Nb4 Na4 46. Nxb3 Nxb2 47.
Nc5 Nd3+ 48. Ncxd3 cxd3 49. Kb2 Ra7 50. Rd1 Re7 51. Rxd3 Re2+ 52. Kb3 Rxg2 53.
a4 Ra5 54. Re3 h4 55. Re5 h3 56. Rh5 h2 57. Nd3 Ra6 58. Nf4 Rh6 59. Rxh2 Rgxh2
60. Nxd5 Rf2 61. f4 Rh1 0-1